TV's Greatest Hits: The Top 100 Series Quiz Stats

 Plays Quiz Updated Nov 28, 2018

Challenge
Share
Tweet
Embed
Score 0/101 Timer 16:00
8 Plays Today
Rank Series % Correct
14Friends
85.9%
5CSI: Crime Scene Investigation
82.5%
7American Idol
81.6%
8ER
80.6%
160 Minutes
75.1%
20Cheers
68.5%
28Law & Order
66.7%
47Seinfeld
63.8%
9Bonanza
60.8%
12Grey's Anatomy
60.6%
10All in the Family / Archie Bunker's Place
60.5%
22Dallas
59.9%
18M*A*S*H
58.8%
3NCIS
57.2%
2Gunsmoke
57%
16Survivor
56.2%
24The Cosby Show
52.5%
54The Voice
50.6%
82The Mary Tyler Moore Show
50.3%
35I Love Lucy
49.9%
31CSI: Miami
45.7%
25Frasier
44.1%
60Law & Order: Special Victims Unit
43.3%
17Murder, She Wrote
43%
40Happy Days
42.2%
6Dancing with the Stars
41.8%
85TFamily Ties
41.6%
61TDynasty
38.7%
19The Big Bang Theory
38.7%
13The Ed Sullivan Show / Toast of the Town
38.1%
93Full House
37%
92CSI: NY
36.2%
78House
35.5%
46The Jeffersons
32.3%
Rank Series % Correct
52The Golden Girls / The Golden Palace
32.2%
21Roseanne
32%
39Everybody Loves Raymond
31.4%
2920/20
30.9%
50N.Y.P.D. Blue
28.6%
23Criminal Minds
28.2%
55Laverne & Shirley
27.6%
27The Andy Griffith Show
27.4%
73Little House on the Prairie
26.4%
90TRowan & Martin's Laugh-In
25.5%
30Home Improvement
25.5%
34Three's Company / Three's a Crowd
24.7%
49The Jackie Gleason Show
24%
26Two and a Half Men
23.1%
99Will & Grace
22.6%
58Murphy Brown
22.5%
11Walt Disney
20.7%
80Falcon Crest
20.4%
70The Love Boat
20.4%
68TBewitched
20%
96THawaii Five-O (2010)
19.8%
84Maude
19.1%
33NCIS: LA
18.5%
37The Beverly Hillbillies
18.2%
48Hawaii Five-O (1968)
18.2%
95Knots Landing
18%
75The Waltons
17.6%
44Dragnet / Dragnet '67
16.3%
41TDesperate Housewives
16.2%
87Magnum, P.I.
15.8%
100TNight Court
15.3%
57Sanford and Son
14.2%
66My Three Sons
13.4%
94The Good Wife
13.2%
Rank Series % Correct
71America's Funniest Home Videos
12.9%
85TMarcus Welby, M.D.
12.8%
89NCIS: New Orleans
12.6%
68TWho's the Boss?
12.5%
41TBlue Bloods
11.8%
64Candid Camera
11.5%
61TAlice
10.7%
4The Red Skelton Show
9.9%
15The Lucy Show / Here's Lucy
9.3%
63Wagon Train
9%
67The Mentalist
8.7%
51One Day at a Time
8.5%
56The Milton Berle Show
8.3%
76Have Gun, Will Travel
8%
88Ironside
8%
32The Jack Benny Show
7.3%
65A Different World
7.2%
36The Danny Thomas Show / Make Room For Daddy
7.1%
74Coach
7.1%
77Touched by an Angel
6.7%
100TThe Dean Martin Show
6.5%
59Gomer Pyle, U.S.M.C.
6%
98Family Affair
5.9%
38You Bet Your Life
5.8%
53Without a Trace
5.6%
83Primetime Live / Primetime Thursday
4.4%
43I've Got a Secret
3.9%
45Arthur Godfrey's Talent Scouts
3.9%
81Arthur Godfrey and His Friends
3.7%
79General Electric Theater
2.5%
90TThe Colgate Comedy Hour
2.4%
72Fireside Theatre
2.2%
96TDecember Bride
2.2%

You're not logged in!

Compare scores with friends on all Sporcle quizzes.
OR
Log In

You Might Also Like...

Show Comments

Extras

Top Quizzes Today


Score Distribution

Your Account Isn't Verified!

In order to create a playlist on Sporcle, you need to verify the email address you used during registration. Go to your Sporcle Settings to finish the process.

Report this User

Report this user for behavior that violates our Community Guidelines.

Details: